Estadísticas para Países más cercanos a Eslovaquia

Haz click aquí para intentar la prueba.

Estadísticas generales

  • Esta prueba ha sido intentada 46 veces
  • La puntuación promedio es 19 de 20

Estadísticas de respuestas

kmpaís% Correcto
224Alemania
100%
0Austria
100%
282Bosnia y
Herzegovina
98%
0Chequia
98%
168Croacia
98%
0Polonia
98%
71Rumania
98%
0Ucrania
98%
497Bulgaria
95%
142Eslovenia
95%
0Hungría
95%
189Serbia
95%
502Suiza
95%
468Montenegro
93%
267Bielorrusia
90%
304Italia
90%
556Liechtenstein
86%
321Moldavia
81%
539Rusia
81%
527Kosovo
74%

Distribución de puntuación

Porcentaje por número respondido

Porcentaje de gente con cada puntuación

Historial de tus puntuaciones

No has intentado esta prueba.